000 00600nas a2200229 i 4500
001 750
003 ES-MaACL
005 20250217133918.0
007 t|
008 950801d19471950sp s| | 1 ||pa d
022 _a2484-6082
080 _a001
245 0 0 _aCriterio
_b: revista de problemas contemporáneos.
260 _aMadrid :
_bCriterio],
_c1947-1950.
300 _a2 v. ;
_c33 cm.
310 _aQuincenal
362 0 _aAño I (nov. 1947)-1950.
650 1 4 _aRevistas de información general.
_916896
852 _aES-MaACL
_jHem-531
866 0 _o1947-49(1950)
999 _c750
_d750